| 000 | 01710cam a22004934i 4500 | ||
|---|---|---|---|
| 003 | PE-LiUPU | ||
| 005 | 20250731184528.0 | ||
| 008 | 150623s1995 ua rb 000 0 eng d | ||
| 020 | _a977424365X | ||
| 035 | _a(Sirsi) i9789774243653 | ||
| 040 |
_aPE-LiUPU _bspa _cPE-LiUPU _erda |
||
| 049 | _aPRUA | ||
| 082 | 0 | 4 |
_a932.01 _bT81 _221 |
| 100 | 1 |
_aTrigger, Bruce G., _eautor. |
|
| 245 | 1 | 0 |
_aEarly civilizations : _bancient Egypt in context / _cBruce G. Trigger. |
| 264 | 1 |
_aCairo, Egypt : _bThe American University in Cairo Press, _c1995. |
|
| 300 |
_a158 páginas ; _c23 centímetros |
||
| 336 |
_atext _2rdacontent |
||
| 337 |
_aunmediated _2rdamedia |
||
| 338 |
_avolume _2rdacarrier |
||
| 504 | _aIncluye bibliografía. | ||
| 505 | 0 | _aThe unique and the general -- Economic foundations -- Politics and culture -- Religión -- Postscript. | |
| 526 | _aP136 | ||
| 526 | _aP135 | ||
| 526 | _aP134 | ||
| 526 | _aP133 | ||
| 526 | _aP144 | ||
| 526 | _aP143 | ||
| 526 | _aP87 | ||
| 526 | _aP35 | ||
| 526 | _aP20 | ||
| 526 | _aP14 | ||
| 526 | _aP10 | ||
| 526 | _aP06 | ||
| 650 | 0 | 4 |
_aCivilización antigua _vBibliografía. |
| 650 | 0 | 4 | _aCivilización antigua. |
| 650 | 0 | 4 |
_aEgipto _xCivilización _yA 332 a. de JC. |
| 942 |
_2ddc _cBOOK |
||
| 949 |
_a932.01 T81 _wDEWEY _c1 _i44484 _lCCODEBUL1 _mBUL _r0 _sY _tBOOK _u2015-6-24 _xTEOLOGIA _PP35 _0COMPRA _o.STAFF. Colección Teología |
||
| 994 |
_aC0 _bPEPRU |
||
| 596 | _a1 | ||
| 999 |
_a932.01 T81 _wDEWEY _c21363 _i44484 _d21363 _e2017-10-31 _f2021-11-11 _g5 _lCCODEBUL1 _mBUL _n1 _p18.00 _q1 _r0 _sY _tBOOK _u2015-6-24 _xTEOLOGIA _PP35 _0COMPRA _o.STAFF. Colección Teología |
||
| 980 |
_81 _gALBERTO SANCHEZ Responsable de Automatización |
||